000 00750nam a22001937a 4500
005 20260306140221.0
008 s2552 th ||||| |||| 00| 0 tha d
020 _a9789749535899
050 _aE312 ร499ม 2552
100 0 _aรีส, เจมส์ ซี.
245 1 0 _aมหาบุรุษ จอร์จ วอชิงตัน
260 3 _aกรุงเทพฯ :
_bเอเอสทีวี,
_c2552
650 0 4 _aวอชิงตัน, จอร์จ, ค.ศ. 1732--1799
850 _aNALT
942 _cGB
_01
997 _aบ 23892 ฉ.1 /บ 23893 ฉ.2
997 _c000000000063634
998 _aนางสุกัญญา กัลยา
_j8
_k นายบัณฑิต อุทาวงค์
999 _c63634
_d63634